|
|
|
|
| LEADER |
00000cam a2200000 7i4500 |
| 001 |
0000000907 |
| 005 |
20001115.0 |
| 020 |
0 |
0 |
|a 9839592971
|
| 090 |
0 |
0 |
|a 668.3
|b GUI 1999
|
| 245 |
0 |
0 |
|a GUIDELINES for the wood processing industry :
|b Control of wood adhesives & finished
|c Sim Heok Choh
|
| 260 |
0 |
0 |
|a Kuala Lumpur :
|b Institut Penyelidikan Perhutanan Malaysia ,
|c 1999
|
| 300 |
|
|
|a 37 p. :
|b ill. ;
|c 25 cm.
|
| 440 |
0 |
0 |
|a FRIM technical information handbook; n. 27
|
| 500 |
0 |
0 |
|a Bibliography: [p. 36-37]
|
| 650 |
0 |
0 |
|a Adhesives
|x Safety regulations
|
| 650 |
0 |
0 |
|a Wood finishing
|x Safety regulations
|
| 700 |
0 |
1 |
|a Sim
|h Heok-Choh
|
| 710 |
1 |
1 |
|a Institut Penyelidikan Perhutanan Malaysia (FRIM)
|
| 999 |
|
|
|a 0000001918
|b Monograph
|c Open Shelf
|e Default branch
|